000 00628nam a22002057a 4500
999 _c14780
_d14780
003 AR-CdUCM
008 190424b ||||| |||| 00| 0 spa d
020 _a978-607-404-827-8
040 _aMUNICIPALIDAD PROVINCIAL DEL CUSCO
_cBIBLIOTECA MUNICIPAL DEL CUSCO
082 _aPI / 376.1 /
_bS55
110 _aSilver dolphin
_933679
245 _aSerpientes sanguinarias /
260 _aNasville :
_bSilver dolphin,
_c2013.
300 _bIlustraciones, graficos, dibujos
_c21 cm.
500 _aLiteratura para niños
650 _aLiteratura
_983
650 _aNiños
_99390
942 _2ddc
_cLIBROS
945 _apjha
_d2019-04-24